Bioestadística

Saved in:
Bibliographic Details
Main Authors: Norman, Geoffrey R. (autor), Streiner, David L (Author)
Format: Book
Language:Spanish
Published: Madrid Harcourt 1996
Edition:1a. ed
Subjects:
Tags: Add Tag
No Tags, Be the first to tag this record!

MARC

LEADER 00000cam a2200000 a 4500
001 UCD5463
003 CL-VaPUC
008 160908e19960000sp |||||||||||||||||spa|d
020 |a 8481741507 
082 0 4 |a 570.15195  |b NOR  |2 21 
100 |a Norman, Geoffrey R.  |e autor  |9 589214 
700 0 |a Streiner, David L  |e author  |9 589215 
245 1 0 |a Bioestadística 
250 |a 1a. ed 
300 |a 260 p 
942 |c BK 
945 |d 20160908 17:08:00  |a dcastane 
260 |a Madrid  |b Harcourt  |c 1996 
650 0 |a Bioestadística  |9 261187 
650 0 |a Investigación científica  |9 259857 
650 0 |a Ciencias sociales  |v Investigación  |9 307767 
583 |a last modification  |c 20160928 10:04:37  |k Rodrigo Vera 
999 |c 366124  |d 366122